| 000 | 00528nam a2200193 a 4500 | ||
|---|---|---|---|
| 001 | 1766480581219 | ||
| 003 | YourLibrary | ||
| 005 | 20251226120326.0 | ||
| 008 | 251223s2008##################000#0#eng## | ||
| 020 | _a9780199548224 | ||
| 082 | 0 | 4 |
_a275.45508 _bHAR |
| 100 | 1 |
_aHarding, Christopher, _eauthor. |
|
| 245 | 1 | 0 | _aReligious Transformation in South Asia : |
| 260 |
_bOxford University Press, USA, _c2008. |
||
| 300 | _a315 pages | ||
| 650 | 0 | _aHistory. | |
| 942 | _cENGLISH | ||
| 040 |
_aYourLibrary _beng _cYourLibrary |
||
| 999 |
_c605108 _d605108 |
||